000 01103nam0a22002771 4500
001 rc\126343
005 20021216141438.2
010 _a5-201-00438-6
_9300
035 _a(NLR Aleph) 005382199
090 _a7112543
_c7112543
100 _a20021216d1994 u |0rusy50 ca
101 0 _arus
102 _aRU
105 _ay |||||||||
200 1 _aСоциальные движения на Западе в 70-е и 80-е годы XX века
_f[Я.С. Драбкин, В.В. Дамье, М.Б. Корчагина и др.]
_gРуководитель авт. коллектива Я.С. Драбкин
_gРос. АН. Ин-т всеобщ. истории
210 _aМ.
_cИВИ
_d1994
215 _a289 с.
_d20
300 _aАвт. указаны на обороте тит. л.
320 _aБиблиогр. в конце глав
701 1 _aДрабкин
_bЯ. С.
_gЯков Самойлович
712 0 2 _aИнститут всеобщей истории
_cМосква
801 0 _aRU
_bNLR
_gpsbo
801 1 _aRU
_bELAR
_2rusmarc
852 _aNLR
_j94-3/6802
942 _cBOOK
980 _aNB